| 000 | 00657nam a2200205Ia 4500 | ||
|---|---|---|---|
| 999 |
_c52003 _d52003 |
||
| 003 | GCL | ||
| 005 | 20240530104941.0 | ||
| 008 | 140319s9999 xx 000 0 ara d | ||
| 040 |
_aGCL / _cGCL |
||
| 082 | 0 | 4 |
_a791.43 _bل س |
| 100 | 1 | _aلافون، روبرت | |
| 245 | 1 | 0 |
_aالسينما المعاصرة / _cلافون، روبرت ، جرامون ؛ ترجمة موسى بدوى |
| 300 | _a142 ص | ||
| 490 |
_aقضايا الساعة _v0 |
||
| 650 | 0 | 4 | _aالاخراج السينمائى |
| 650 | 0 | 4 | _aسينما |
| 650 | 0 | 4 | _aالسينما - الجوانب الاخلاقية |
| 700 | 1 |
_aموسى بدوى _dمترجم |
|
| 942 |
_2ddc _cBK |
||